|
|
|
|
| LEADER |
00000nam a22000007a 4500 |
| 005 |
20130729151730.0 |
| 007 |
cr|||| |||| |
| 008 |
130729s2012 mx |||||s|||| 00||0 spa d |
| 035 |
|
|
|a 11337
|
| 040 |
|
|
|a vLex
|
| 090 |
|
|
|c 4461
|d 4461
|
| 100 |
1 |
|
|a Bornacini Hervella, Honor ̌A.
|
| 245 |
1 |
0 |
|a Gua̕ del cierre fiscal del ejercicio 2012
|h [Recurso electrn̤ico] /
|c Honor ̌A. Bornacini Hervella, Vicente Romero Said
|
| 256 |
|
|
|a Servicio en ln̕ea
|
| 260 |
|
|
|a Mx̌ico D.F:
|b Mx̌ico Fiscal,
|c 2012
|
| 300 |
|
|
|a 1 recurso electrn̤ico
|
| 650 |
0 |
4 |
|a Derecho fiscal
|z Mx̌ico
|
| 700 |
2 |
|
|a Romero Said, Vicente
|
| 740 |
0 |
|
|a vLex Libros (Servicio en ln̕ea)
|
| 856 |
4 |
0 |
|u http://vlex.com/source/guia-del-cierre-fiscal-del-ejercicio-2012-11337
|z Acceso restringido
|
| 942 |
|
|
|c BOOK
|
| 999 |
0 |
|
|a Taxation
|